Biokúpalisko v Levočskej doline

Bibliographic Details
Format: Article
Language:Slovak
PhysicalDescription:Fotogr.
ISSN:1339-648X
Subjects:

MARC

LEADER 00000nab a2200000 ar4500
001 vtls011508632
003 SK-MaSNL
005 20260303094254.0
008 160229c2015 xo wr|p|||||||000 b|slo
038 |a PPPK 
040 |a PPPKCL  |b slo  |c PPPKCL  |e AACR2 
041 0 |a slo 
044 |a xo  |c SK 
080 |a 711.558.5  |2 2011 
245 0 0 |a Biokúpalisko v Levočskej doline  |c [Text a foto] (tj) 
300 |b Fotogr. 
610 2 7 |a Ski centre Levoča - LD (Levoča, Slovensko)  |2 pppkcl  |9 1051452 
650 0 7 |a kúpaliská  |2 pppkcl  |9 4394 
650 0 7 |a biokúpaliská  |2 pppkcl  |9 1089756 
651 7 |a Levočská Dolina (Levoča, Slovensko)  |2 pppkcl  |9 59056 
651 7 |a Levoča (Slovensko)  |2 pppkcl  |9 26696 
773 0 |t Naše novinky : Levoča  |g Roč. II, č. 12 (2015), s. 3  |x 1339-648X 
852 |a PPPK  |b KIS3GCP 
999 |c 1819829  |d 1821759